| 000 | 00869nam a22002057a 4500 | ||
|---|---|---|---|
| 005 | 20240530110521.0 | ||
| 008 | 160217s2012 ua o a f 000 0 ara d | ||
| 017 |
_a2012/9810 _bمصر . دار الكتب المصرية |
||
| 020 | _a9789774277443 | ||
| 040 | _aEG-CaGPL | ||
| 082 | 0 | 4 |
_221 _a709.62 _bق/ص م |
| 100 | 0 | _aصبحى الشارونى . | |
| 245 | 1 | 0 |
_aموسوعة الفنون الجميلة المصرية فى القرن العشرين / _cصبحى الشارونى . _nالجزء الاول : _pفنانو الجيلين الاول و الثانى فى مصر . |
| 250 | _aط1. | ||
| 260 |
_aالقاهرة : _bالدار المصرية اللبنانية ، _c2012 . |
||
| 300 |
_a136 ص : _bصور ؛ _c28 سم . |
||
| 650 | 0 | 4 |
_aالعمارة الاسلامية _zمصر . |
| 942 |
_2ddc _cBK |
||
| 999 |
_c61901 _d61901 |
||